000 00923 a2200217 4500
001 63972
005 20260521160827.0
008 260521a1979 arg spa d
003 AR-UNSa-BCEJYS
040 _aAR-UNSa-BCEJYS
_bspa
_cAR-UNSa-BCEJYS
080 _a711.4
_xOrdenación urbana. Desarrollo urbano. Áreas edificadas. Conurbaciones. Asentamientos
245 1 0 _aProyectos de desarrollo urbano
_pPlanificación e implementación
020 _a978-968-18-1001-6
264 1 _aMéxico :
_bLimusa
_c1979
300 _a167 p.
_c23 cm.
505 _a1. Los sistemas urbanos – 2. Implantación de proyectos de desarrollo urbano – 3. Estudios de caso en administración de proyectos de desarrollo urbano – 4. Ejercicios de administración de proyectos de desarrollo urbano –
041 _aspa
942 _cBK
590 _aniveau_biblio:m niveau_hierar:0
100 1 _aBanco Interamericano de Desarrollo (BID)
999 _c36450
_d36450